Mammals - Statistics

General Stats
  • This quiz has been taken 13 times
  • The average score is 21 of 55
Answer Stats
Picture Answer % Correct
Capreolus capreolus Male
67%
Lemmus lemmus
67%
Mustela erminea
67%
Myodes rufocanus
67%
Neomys fodiens
67%
Sorex araneus
67%
Sorex caecutiens
67%
Sorex isodon
67%
Sorex minutissimus
67%
Sorex minutus
67%
Alces alces Female
33%
Alces alces Male
33%
Apodemus flavicollis
33%
Canis lupus
33%
Capreolus capreolus Female
33%
Castor canadensis
33%
Castor fiber
33%
Dama dama Female
33%
Dama dama Male
33%
Eptesicus nilssonii
33%
Erinaceus europaeus
33%
Gulo Gulo
33%
Halichoerus grypus
33%
Lepus europaeus
33%
Lepus timidus
33%
Lutra lutra
33%
Lynx lynx
33%
Martes martes
33%
Meles meles
33%
Micromys minutus
33%
Microtus
33%
Mus musculus
33%
Mustela nivalis
33%
Mustela putorius
33%
Myodes glareolus
33%
Myodes rutilus
33%
Myopus schisticolor
33%
Myotis mystacinus
33%
Neovison vison
33%
Nyctereutes procyonoides
33%
Odocoileus virginianus Female
33%
Odocoileus virginianus Male
33%
Ondatra zibethicus
33%
Pteromys volans
33%
Pusa hispida
33%
Rangifer tarandus Female
33%
Rangifer tarandus Male
33%
Rattus norvegicus
33%
Sciurus vulgaris
33%
Sus scrofa
33%
Talpa europaea
33%
Ursus arctos
33%
Vulpes lagopus
33%
Vulpes vulpes
33%
Arvicola amphibius
0%
No matching quizzes found
Score Distribution
Percent of People with Each Score
Percentile by Number Answered
Your Score History
You have not taken this quiz